000 01579nam a22003977a 4500
003 CHAP
005 20220329135231.0
008 971013s1972 r 00010 d
010 _a33046
011 _a34018
035 _a38134
040 _cCHAP
082 _a574.87
_bN6Y
100 0 0 _aNovikoff, Alex B.
_982047
245 _aEstructura y dinámica celular
260 _aMéxico, D. F. :
_bInteramericana,
_c1972
490 _aColección de biología moderna
590 _aBATCH-UPD
_b10
_c20130110
_lUCH01
_h1848
590 _aBATCH-UPD
_b10
_c20130410
_lUCH01
_h1217
590 _aBATCH-UPD
_b10
_c20130914
_lUCH01
_h0942
590 _aCONVERSION
_b10
_c20130109
_lUCH01
_h1319
650 1 4 _aCitología.
_923489
700 0 _aHoltzman, Eric.
_956025
830 0 _aColección de biología moderna
_924782
901 _aBK
942 _cLIBRO
949 _a574.87 N6Y
_bBC
_cLIBRO
_d-87210
_eLIBRO
_fc.5
_h28232
_i38134
_si
949 _a574.87 N6Y
_bBC
_cLIBRO
_d33724000475026
_eLIBRO
_fc.7
_h28234
_i38134
_si
949 _a574.87 N6Y
_bBC
_cLIBRO
_d33724000475034
_eLIBRO
_h28228
_i38134
_si
949 _a574.87 N6Y
_bBC
_cLIBRO
_d33724000475059
_eLIBRO
_fc.6
_h28233
_i38134
_si
949 _a574.87 N6Y
_bBC
_cLIBRO
_d33724000475067
_eLIBRO
_fc.4
_h28231
_i38134
_si
949 _a574.87 N6Y
_bBC
_cLIBRO
_d33724000600409
_eLIBRO
_fc.10
_h28237
_i38134
_si
949 _a574.87 N6Y
_bBC
_cLIBRO
_d33724000600417
_eLIBRO
_fc.2
_h28229
_i38134
_si
949 _a574.87 N6Y
_bBC
_cLIBRO
_d33724000804910
_eLIBRO
_fc.3
_h28230
_i38134
_si
949 _a574.87 N6Y
_bBC
_cLIBRO
_d33724002019975
_eLIBRO
_fc.9
_h28236
_i38134
_si
999 _c33046
_d33046